00998nam a22002537a 4500001001000000003000500010005001700015008004100032010001000073011001000083035001100093040000900104100002900113245020400142260004100346300001000387502012400397650002500521650005000546650003700596700002900633856006600662856001600728000096711CHAP20220329143209.0070112d2006 mx r 00110 spa d a93177 a94149 a104733 cCHAP1 aCastañeda Nava, Fidel.10aRentabilidad financiera de las microempresas procesadoras de maíz cacahuacintle para pozole, en el municipio de Calimaya, Estado de México /c/por Fidel Castañeda Nava y Freddy López Pérez. aChapingo, Méx. :bEl autor,c2006. a96 h. aTesis (Lic. en Administración de Empresas Agropecuarias) - - UACH. División de Ciencias Económico Administrativas14aEmpresas pequeñas.14aMaíz cacahuacintlexCostos de producción.14aMaíz cacahuacintlexProcesado.1 aLópez Pérez, Freddy. 3Finding aiduhttp://10.13.5.2/tesis/104733.pdfzTeclea aquí a1 n0001378